Základy všeobecného súkromného práva

Enregistré dans:
Détails bibliographiques
Auteur principal: Luby, Štefan
Format: Livre
Langue:slovaque
Publié: Bratislava Knižnica Vysokej školy obchodnej [1955]
Tags: Ajouter un tag
Pas de tags, Soyez le premier à ajouter un tag!

MARC

LEADER 00000nam a2200000 4500
001 c111182
005 20251006133536.5
041 0 |a slo 
044 |a SK 
245 1 0 |a Základy všeobecného súkromného práva  |c Štefan Luby 
264 1 |a Bratislava  |b Knižnica Vysokej školy obchodnej  |c [1955] 
300 |a 270 s. 
100 1 |a Luby, Štefan